A commentary on Heidegger's Being and time

Αποθηκεύτηκε σε:
Λεπτομέρειες βιβλιογραφικής εγγραφής
Κύριος συγγραφέας: Heidegger, Martin, 1889-1976
Μορφή: Βιβλίο
Γλώσσα:English
Δημοσίευση: Dekalb, Ill. : Northern Illinois University Press, 1989
Έκδοση:Αναθ. έκδ.
Θέματα:
Ετικέτες: Προσθήκη ετικέτας
Δεν υπάρχουν, Καταχωρήστε ετικέτα πρώτοι!

MARC

LEADER 00000nam a2200000 i 4500
001 1/69261
008 050110s1989 eng d
020 |a 0-87580-544-2 
035 |l 10075924 
040 |a GR-MY-UA  |b gre  |e aacr 
041 0 |a eng 
082 0 |a 111  |2 (21) 
100 1 |a Heidegger, Martin,   |d 1889-1976. 
245 1 2 |a A commentary on Heidegger's Being and time /  |c Michael Gelven 
246 3 3 |a Heidegger's Being and time 
250 |a Αναθ. έκδ. 
260 |a Dekalb, Ill. :   |b Northern Illinois University Press,   |c 1989 
300 |a xiii, 230 σ.;  |c 23 εκ. 
504 |a Περιέχει βιβλιογραφικές αναφορές 
600 1 0 |a Heidegger, Martin,   |d 1889-1976. 
650 0 0 |a Ontology. 
650 0 0 |a Space and time. 
852 |a INST  |b SAMOS  |e 20050110  |h 111 GEL  |p 005300022543  |q 005300022543  |t BK  |y 0 
901 |a BIBL3-2004-3 
909 |a Σ  |b 114149 
920 |a ΔΙΕΥΡΥΝΣΗ  |b ΕΠΕΑΕΚ-ΤΜΠΕΣ  |y ΣΑΜΟΣ  |z 2004-10 
970 |a ΚΟΣΙΕΡΗΣ  |b ΧΡΗΣΤΟΣ  |z 2005/01/10